| 000 | 00806cam a2200193 4500 | ||
|---|---|---|---|
| 001 | ABS60847 | ||
| 008 | 000000n1999 000 0 eng u | ||
| 035 | _a(Sirsi) u101357 | ||
| 100 | _aBrenchley, L. | ||
| 245 | _aAvoiding a pitfall. | ||
| 260 | _c1999 | ||
| 490 |
_aBuilding _v264(8091) 11 June 1999, 67(1) |
||
| 520 | _aExplains the concept of 'thin' project management, where one person acts as project manager throughout the project, and acts as the client, giving all their instructions and directions. The focus of the 'thin' project manager's function is to make their team work together, rather than becoming part of the team. | ||
| 650 | _aCONSTRUCTION PROJECTS | ||
| 650 | _aMANAGEMENT-PROJECT MANAGEMENT | ||
| 650 | _aTEAM BUILDING | ||
| 690 |
_aProject management _96261 |
||
| 942 | _n0 | ||
| 999 |
_c60502 _d60502 |
||